Κουίζ Πολλαπλής Επιλογής Πόλης – Ιωάννινα - Statistics

General Stats
  • This quiz has been taken 30 times
  • The average score is 8 of 10
Answer Stats
Question Answer % Correct
Γύρω από ποια λίμνη χτίστηκαν τα Ιωάννινα; Παμβώτιδα
100%
Ποιο είναι το όνομα του αρχαίου θεάτρου κοντά στα Ιωάννινα; Θέατρο της Δωδώνης
100%
Πώς ονομάζονται υποκοριστικά οι κάτοικοι των Ιωαννίνων; Παγουράδες
91%
Τι παράγουν τα Ιωάννινα; Ασημένια κοσμήματα
91%
Ποιο γλυκό είναι πολύ διάσημο στα Ιωάννινα; Μπακλαβάς
86%
Ποιος ανοικοδόμησε το κάστρο των Ιωαννίνων; Αλή Πασάς
82%
Ποιο ποτό είναι πολύ διάσημο στα Ιωάννινα; Τσίπουρο
73%
Ποιο έτος ενσωματώθηκαν τα Ιωάννινα στην Ελλάδα; 1913
68%
Τι απεικονίζει το έμβλημα των Ιωαννίνων; Πορτραίτο του Ιουστινιανού
36%
Ποια είναι η κύρια πλατεία των Ιωαννίνων; Πλατεία Δημοκρατίας
32%
No matching quizzes found
Score Distribution
Percent of People with Each Score
Percentile by Number Answered
Your Score History
You have not taken this quiz